| 000 | 00802nam a22002777a 4500 | ||
|---|---|---|---|
| 003 | CHAP | ||
| 005 | 20220329134148.0 | ||
| 008 | 971013s1964 r 00010 d | ||
| 010 | _a16351 | ||
| 011 | _a17323 | ||
| 035 | _a21406 | ||
| 040 | _cCHAP | ||
| 082 |
_a631.585 _bH65 |
||
| 100 | 0 | 0 |
_aHollis, H. F. _955966 |
| 245 | _aProfitable growing without siol | ||
| 260 |
_aLondon : _bEnglish Universities, _c1964 |
||
| 300 |
_a197 p. _b: ilus. |
||
| 590 |
_aBATCH-UPD _b10 _c20130110 _lUCH01 _h0915 |
||
| 590 |
_aBATCH-UPD _b10 _c20130914 _lUCH01 _h1615 |
||
| 590 |
_aCONVERSION _b10 _c20130109 _lUCH01 _h1310 |
||
| 650 | 1 | 4 |
_aHidroponÃa. _955280 |
| 700 | 0 |
_aWilliams, D. R. _eed. _9122035 |
|
| 901 | _aBK | ||
| 942 | _cLIBRO | ||
| 949 |
_a631.585 H65 _bBC _cLIBRO _d33724000160883 _eLIBRO _h21755 _i21406 _si |
||
| 999 |
_c16351 _d16351 |
||